Państwa z najwiekszą średnią krajową - Statystyki

Ogólne statystyki
  • Ten quiz został rozwiązany 27 razy
  • Średni wynik to 6 z 10
Statystyki odpowiedzi
Płaca($) Państwo % Poprawnych
6,455 Stany Zjednoczone
91%
5,081 Kanada
86%
5,642 Dania
68%
5,665 Norwegia
68%
8,111 Szwajcaria
68%
4,581 Holandia
64%
6,633 Luksemburg
64%
4,665 Irlandia
45%
6,441 Islandia
41%
4,665 Grenlandia
14%
Nie znaleziono quizów pasujących do podanych kryteriów
Rozkład punktacji
Procent ludzi z każdym wynikiem
Percentyl według liczby udzielonych odpowiedzi
Twoja historia wyników
Nie rozwiązałeś tego quizu